000 01228cam a22003857a 4500
003 CHAP
005 20220817043444.0
008 980623d1996 it ab r 00110 spa d
010 _a75796
011 _a76768
020 _a9253037636
035 _a86357
040 _cCHAP
082 0 4 _a639.2
_bF3Y v.353
110 _aFAO
245 1 0 _aRecursos marinos vivos y su desarrollo sostenible :
_bperspectivas institucionales y medioambientales
_c/por J. F. Caddy y R. C. Griffiths
260 _aRoma :
_bFAO,
_c1996.
300 _a191 p. :
_bilus. ; mapas
410 2 1 _aFAO
490 0 _aDocumento técnico de pesca
_v; 353
590 _aBATCH-UPD
_b10
_c20130110
_lUCH01
_h0457
590 _aBATCH-UPD
_b10
_c20130410
_lUCH01
_h0135
590 _aBATCH-UPD
_b10
_c20130914
_lUCH01
_h0806
590 _aCONVERSION
_b10
_c20130109
_lUCH01
_h1341
650 1 4 _aDesarrollo sustentable.
650 1 4 _aRecursos marinos.
700 0 _aCaddy, J. F.
_917037
700 0 _aGriffiths, R. C.
_950703
810 0 _aFAO
830 0 0 _aDocumento técnico de pesca
_v; 353
_933242
901 _aBK
905 _aLilia Sánchez G.
942 _cLIBRO
949 _a639.2 F3Y v.353
_bBC
_cFAO
_d33724000694261
_eFAO1
_h93486
_i86357
_kDonaciØn
_sb
999 _c75796
_d75796